| 000 | 00534 a2200169 4500 | ||
|---|---|---|---|
| 020 | _c561.00 | ||
| 035 | _aB-24318 | ||
| 037 | _bRP-ZLS-CH-84 / NCP-00-01:275 / RP-00-01:ENG | ||
| 082 | 1 | 4 | _a641.5954 |
| 090 |
_c3246 _d3246 |
||
| 100 | 1 | _aBaljekar, Mridula | |
| 245 | 1 |
_aReal fast Indian food _cby Mridula Baljekar |
|
| 260 |
_aLondon _bMetro Publishing _c2000 |
||
| 300 |
_a224 p _bphotos _c22 cm (pbk) |
||
| 942 |
_adpl _cEN _k641.5954 / BAL |
||
| 999 |
_c3184 _d3184 |
||